书目信息 |
| 题名: |
统一战线问题与民族问题
|
|
| 作者: | 李维汉 著 | |
| 分册: | ||
| 出版信息: | 北京 人民出版社 1982 |
|
| 页数: | 741页 | |
| 开本: | 21cm | |
| 丛书名: | ||
| 单 册: | ||
| 中图分类: | D613 | |
| 科图分类: | ||
| 主题词: | 革命--统一战线--中国 | |
| 电子资源: | ||
| ISBN: | ||
| 000 | 00653nam0 2200241 45 | |
| 001 | 0182008857 | |
| 005 | 20050616165212.5 | |
| 010 | @dCNY2.30 | |
| 091 | @a3001.1734 | |
| 100 | @a19950408d1982 em y0chiy0121 ea | |
| 101 | 0 | @achi |
| 102 | @aCN@b110000 | |
| 105 | @ay z 000yy | |
| 200 | 10 | @a统一战线问题与民族问题@Atong yi zhan xian wen ti yu min zu wen ti@f李维汉著@FLi Wei Han Zhu |
| 205 | @a2版 | |
| 210 | @a北京@c人民出版社@d1982 | |
| 215 | @a741页@d21cm | |
| 606 | 0 | @a革命@x统一战线@x中国 |
| 690 | @aD613@v3 | |
| 701 | 0 | @a李维汉@4著 |
| 801 | 0 | @aCN@b上海图书馆@c20040217 |
| 801 | 2 | @aCN@bNLC@c20040217 |
| 905 | @dD613@e1=2@f1@b173834 | |
| 统一战线问题与民族问题/李维汉著.-2版.-北京:人民出版社,1982 |
| 741页;21cm |
| ISBN :CNY2.30 |
| ● |
| 相关链接 |
|
|
|
|
正题名:统一战线问题与民族问题
索取号:D613/1=2
 
预约/预借
| 序号 | 登录号 | 条形码 | 馆藏地/架位号 | 状态 | 备注 |
| 1 | 0173833 | 001878686 | 密集书库/ [索取号:D613/1=2] | 在馆 | |
| 2 | 0173834 | 000485941 | 第一样本阅览室/ [索取号:D613/1=2] | 在馆 |